00853nam a22002297a 450000500170000001000150001702000270003203500140005903700080007303700130008108200130009424501270010726000390023427000450027330000220031870000320034070000350037270000330040794200270044099900190046795201370048620240229160711.0 aENG-139177 a9789390951468c1200.00 aEN-122709 adpl bDBAD/PUB a658.4022 aTechnology, Agility and Transformation:bEmergent Business Practices/cEdited by Tejas Shah; Mayank Bhatia and Samik Shome aNew DelhibAllied Publishersc2023 a1/13-14 Asaf Ali RoadbNew Delhie110002 ax,314pc24cm(hbk) aShah, Tejas eEditor962640 aBhatia, Mayank eEditor962641 aShome, Samik eEditor962642 2ddccENh658.4022mTEC c201166d201166 001040708NFICaPRbPRd2024-02-29eDBAD/PUBg1200.00l0o658.4022 TECpEN-122709r2024-02-29 00:00:00t1v1200.00w2024-02-29yEN